000 00897cam a22002651 4500
001 3879
003 BD-RjUL
005 20211208233809.0
008 160625s1954 nyua 001 0 eng
035 _a(BD-RjUL)3913
035 _a(OCoLC)230227
040 _aDLC
_cODaWU
_dOCoLC
_dUk
_dDLC
_beng
041 _aeng
082 _a333
_bJOL 1954
100 1 _aJohnson, V. Webster
_q(Vernon Webster),
_d1900-
_912380
245 1 0 _aLand problems and policies /
_cV. Webster Johnson [and] Raleigh Barlowe.
260 _aNew York :
_bMcGraw-Hill,
_cc1954.
300 _a422 p. ;
_c23 cm.
504 _aIncludes bibliographical references and index.
650 0 _aLand use
_zUnited States.
_912381
700 1 _aBarlowe, Raleigh,
_ejoint author.
_912382
856 _uhttp://www.worldcat.org/title/land-problems-and-policies/oclc/230227&referer=brief_results
942 _2ddc
_cBK
999 _c3879
_d3879